| 000 | 00485cab a2200193 4500 | ||
|---|---|---|---|
| 001 | X1995 | ||
| 008 | 090401t1989 xxu||||| |||| 00| 0 eng d | ||
| 035 | _a(Sirsi) u20962 | ||
| 041 | _aeng | ||
| 245 | _aParkinson (Patrick) v Customs and Excise Commissioners | ||
| 260 | _c1989 | ||
| 350 | _a0 | ||
| 490 |
_aSimon`s Tax Cases _v1989 STC 51 |
||
| 520 | _aQBD 25 March 1988. | ||
| 650 | _aFISHING RIGHTS | ||
| 690 | _aRURAL PRACTICE-CASE LAW | ||
| 942 | _n0 | ||
| 948 | _c04/03/1997 | ||
| 999 |
_c14060 _d14060 |
||